=LDR 00000nam 2200000 4500 =001 INLIS000000000012183 =005 20130612103724 =008 ***********************************Ind** =035 ##$$0010-061300000012183 =041 ##$$a Ind =082 ##$$a 500 =090 ##$$a 500, Lom l =245 ##$$a Lomba karya ilmu pengetahuan bagi remaja tahun 4979 =260 ##$$a 1983 $b Jakarta =300 ##$$a 82 hlm., Ilus, 21 cm =650 ##$$a Sains =850 ##$$a NBPNMAT